1413 1017 1619 1007 1130 1841 1745 1523 1588 1714 1391 1906 1514 1342 1941 1424 1015 1990 1801 1122 1143 1576 1996 1355 1697 1431 1460 1222 1598 1279 1429 1894 1145 1079 1880 1878 1164 1910 1553 1744 1334 1337 1512 1768 1124 1649 1751 1998 1424 1842 1278 1326 1172 1603 1500 1975 1522 1629 1871 1143 1444 1548 1334 1090 1623 1062 1652 1345 1624 1549 1294 1959 1834 1851 1984 1700 1787 1623 1795 1881 1646 1319 1332 1121 1613 1079 1192 1724 1625 1731 1568 1036 1678 1475 1373 1891 1299 1315 1875 BCNSPRNW ULIB Ver.6.0+V

เปลี่ยนเป็นภาษาไทย

Change to English
 แสดงรายละเอียดบรรณานุกรม
  กลับหน้าหลัก

Brief Record : Get Marc (ISO 2709) : E-mail record : QR code < ปิดหน้าต่าง
สารบัญ Review โดย
ทศพร เกษรทอง
ห้องสมุดวิทยาเขตนครสวรรค์
ทศพร เกษรทอง เมื่อ26/เมษายน/2559
1.Introduction to moderate sedation,hospital policy and guidelines, 
   preoperative evaluation and NPO guidelines
2.Commonly used medications for sedation part I
3.Commonly used medications for sedation part II and antagonists
4.Airway,airway equipments, airway rescue
5.Monitorings of patients during moderate sedation
6.Post-sedation care, discharge criteria
7.Implications of ASA classifications, ages and other factors influence 
   safety during moderate sedation
8.Complications and problems commonly encountered during 
   moderate sedation
9.Non-anesthesiologists and moderate sedation

LEADER : 00000nam 2200000uu 4500
001    13399124898
003     ULIB
008    160426s2557||||th 000 0 tha d
020    ^a9786162795572
060 04 ^aWO200^bป418ก
100 0  ^aประเสริฐ สวัสดิ์วิภาชัย
245 00 ^aการดูแลผู้ป่วยที่อยู่ในภาวะสงบระดับปานกลาง =^bCare of patients under moderate sedation. /^cบรรณาธิการ, ประเสริฐ สวัสดิ์วิภาชัย,อรวรรณ พงศ์รวีวรรณ
246 31 ^aCare of patients under moderate sedation
250    ^aพิมพ์ครั้งที่ 1
260    ^aกรุงเทพฯ :^bภาควิชาวิสัญญีวิทยา คณะแพทยศาสตร์ศิริราชพยาบาล มหาวิทยาลัยมหิดล,^c2557
300    ^a105 หน้า :^bภาพประกอบสี ;^c21 ซม.
650  7 ^aยาระงับความรู้สึก
700 0  ^aอรวรรณ พงศ์รวีวรรณ,^eบรรณาธิการ
710 2  ^aมหาวิทยาลัยมหิดล.^bคณะแพทยศาสตร์ศิริราชพยาบาล.^bภาควิชาวิสัญญีวิทยา
945    ^p125^l0^i23506
945    ^p125^l0^i23507
945    ^p125^l0^i23508
945    ^p125^l0^i28682
945    ^p125^l0^i28683
999    ^aทศพร เกษรทอง
รายการนี้ยังไม่มีแท็ก
คุณยังไม่ได้ล็อกอิน คุณสามารถมีกิจกรรมร่วมกับเว็บไซต์ได้ แต่ต้องล็อกอินก่อน ::
  ล็อกอิน

รายการสื่อสารสนเทศ

ลำดับที่ ประเภท เลขเรียก/บาร์โค้ด สถานที่ สถานะ
1. วิทยาศาสตร์การแพทย์ และสุขภาพ
วิทยาศาสตร์การแพทย์ และสุขภาพ
สถานะ=หนังสือเก่า
WO200 ป418ก ฉ.1 
  Barcode: 23506
ห้องสมุดวิทยาเขตนครสวรรค์
►ส่วนจัดเก็บหนังสือเก่า นว.
บนชั้น
  ขอยืม
2. วิทยาศาสตร์การแพทย์ และสุขภาพ
วิทยาศาสตร์การแพทย์ และสุขภาพ
สถานะ=หนังสือเก่า
WO200 ป418ก ฉ.2 
  Barcode: 23507
ห้องสมุดวิทยาเขตนครสวรรค์
►ส่วนจัดเก็บหนังสือเก่า นว.
บนชั้น
  ขอยืม
3. วิทยาศาสตร์การแพทย์ และสุขภาพ
วิทยาศาสตร์การแพทย์ และสุขภาพ
สถานะ=หนังสือเก่า
WO200 ป418ก ฉ.3 
  Barcode: 23508
ห้องสมุดวิทยาเขตนครสวรรค์
►ส่วนจัดเก็บหนังสือเก่า นว.
บนชั้น
  ขอยืม
4. วิทยาศาสตร์การแพทย์ และสุขภาพ
วิทยาศาสตร์การแพทย์ และสุขภาพ
สถานะ=หนังสือเก่า
WO200 ป418ก ฉ.4 
  Barcode: 28682
ห้องสมุดวิทยาเขตนครสวรรค์
►ส่วนจัดเก็บหนังสือเก่า นว.
บนชั้น
  ขอยืม
5. วิทยาศาสตร์การแพทย์ และสุขภาพ
วิทยาศาสตร์การแพทย์ และสุขภาพ
สถานะ=หนังสือเก่า
WO200 ป418ก ฉ.5 
  Barcode: 28683
ห้องสมุดวิทยาเขตนครสวรรค์
►ส่วนจัดเก็บหนังสือเก่า นว.
บนชั้น
  ขอยืม

รายการใกล้เคียง
    ผู้แต่ง [ประเสริฐ สวัสดิ์วิภาชัย]

    หัวเรื่อง [ยาระงับความรู้สึก]

BibComment


ยังไม่เคยถูกคอมเมนท์

คอมเมนท์ทรัพยากรรายการนี้
  คอมเมนท์: การดูแลผู้ป่วยที..


 Copyright 2026. Bcnsprnw @Library